[Event "SVK-chT2B 10/11"]
[Site "Slovakia"]
[Date "2011.01.08"]
[Round "5.3"]
[White "Nemeth, Eugen"]
[Black "Cervenka, Peter"]
[Result "1-0"]
[WhiteElo "1960"]
[BlackElo "1861"]
[PlyCount "192"]
[EventDate "2010.10.23"]
[EventType "team-tourn"]
[EventRounds "11"]
[EventCountry "SVK"]
[SourceTitle "EXT 2019"]
[Source "ChessBase"]
[SourceDate "2018.10.10"]
[SourceVersion "1"]
[SourceVersionDate "2018.10.10"]
[SourceQuality "1"]
[WhiteTeam "Nove Zamky Basta II"]
[BlackTeam "Surany Lokomotiva"]
[WhiteTeamCountry "SVK"]
[BlackTeamCountry "SVK"]

1. g3 Nf6 2. Bg2 d5 3. c4 e6 4. Nf3 c6 5. b3 Nbd7 6. 0-0 Be7 7. Bb2 0-0 8. d3 dxc4 9. bxc4 Qb6 10. Qc2 Rd8 11. Nbd2 Qc7 12. Rab1 Rb8 13. Rfc1 Ne8 14. Ne4 f6 15. Nd4 Nf8 16. Qa4 e5 17. Nf3 b6 18. Nc3 Ne6 19. Qc2 Nd4 20. Nxd4 exd4 21. Ne4 f5 22. Nd2 c5 23. Qa4 Nf6 24. Qc6 Qxc6 25. Bxc6 Bb7 26. Bxb7 Rxb7 27. Nf3 Nd7 28. Re1 Bf6 29. Bc1 Re8 30. Kg2 Ne5 31. a4 Nc6 32. Bd2 a5 33. Bf4 Nb4 34. Rb2 h6 35. Bd2 Rbe7 36. Bxb4 axb4 37. Kf1 Kf7 38. Ra1 Ra7 39. Nd2 Rea8 40. Rba2 Ke6 41. Nb3 Kd6 42. Nd2 Kc6 43. Ke1 Bd8 44. Kd1 Bc7 45. Kc2 Re8 46. Re1 Bd8 47. Nb3 Bf6 48. Kd2 Bg5+ 49. Kc2 Rae7 50. Kb1 Ra7 51. Kc2 Rea8 52. Rea1 Bf6 53. Kb2 g5 54. Nd2 h5 55. Kb3 Re8 56. Re1 Rae7 57. Nf1 f4 58. Rb2 f3 59. h3 Rxe2 60. Reb1 Rxb2+ 61. Rxb2 Re2 62. Nh2 Re1 63. Nxf3 Rh1 64. Re2 Kd6 65. Re8 g4 66. hxg4 hxg4 67. Nd2 Kd7 68. Rb8 Bg5 69. Ne4 Bc1 70. Rxb6 Ba3 71. Nxc5+ Kc8 72. Ne4 Rb1+ 73. Ka2 Rb2+ 74. Ka1 Rb3 75. Nc5 Rc3 76. a5 Rc1+ 77. Ka2 Rc2+ 78. Kb3 Rb2+ 79. Ka4 Rxf2 80. a6 Ra2 81. Rg6 Bc1+ 82. Kxb4 Rb2+ 83. Ka4 Ra2+ 84. Kb5 Rb2+ 85. Kc6 Kb8 86. Rg8+ Ka7 87. Rg7+ Ka8 88. Nd7 Bh6 89. Rxg4 Ka7 90. Rg8 Bd2 91. g4 Bf4 92. g5 Bxg5 93. Rxg5 Kxa6 94. Nc5+ Ka7 95. Rg7+ Kb8 96. Rb7+ Rxb7 1-0

[Event "Nove Zamky op"]
[Site "Nove Zamky"]
[Date "2010.08.15"]
[Round "7"]
[White "Nemeth, Eugen"]
[Black "Mihok, Laszlo"]
[Result "0-1"]
[WhiteElo "1958"]
[BlackElo "2208"]
[PlyCount "54"]
[EventDate "2010.08.11"]
[EventType "swiss"]
[EventRounds "7"]
[EventCountry "SVK"]
[SourceTitle "CBM 137 Extra"]
[Source "ChessBase"]
[SourceDate "2010.09.01"]
[SourceVersion "1"]
[SourceVersionDate "2010.09.01"]
[SourceQuality "1"]

1. c4 c6 2. Nf3 d5 3. g3 Nf6 4. Bg2 Bg4 5. 0-0 e6 6. b3 Be7 7. Bb2 Nbd7 8. d3 0-0 9. Nbd2 a5 10. a3 Qb6 11. Qc2 h6 12. e4 dxe4 13. dxe4 Rfd8 14. Bd4 c5 15. Be3 Bh5 16. Rad1 Ng4 17. Rfe1 Nxe3 18. Rxe3 Nb8 19. Nb1 Rxd1+ 20. Qxd1 Nc6 21. h4 Nd4 22. Nbd2 Rd8 23. Qb1 Rd7 24. Ne5 Rd8 25. g4 f6 26. gxh5 fxe5 27. Rg3 Ne2+ 0-1

[Event "SVK-chT1W 0910"]
[Site "Slovakia"]
[Date "2010.03.07"]
[Round "11.1"]
[White "Nemeth, Eugen"]
[Black "Hudec, Jan"]
[Result "1/2-1/2"]
[WhiteElo "1943"]
[BlackElo "2092"]
[PlyCount "125"]
[EventDate "2009.10.17"]
[EventType "team"]
[EventRounds "11"]
[EventCountry "SVK"]
[SourceTitle "EXT 2011"]
[Source "ChessBase"]
[SourceDate "2010.11.26"]
[SourceVersion "1"]
[SourceVersionDate "2010.11.26"]
[SourceQuality "1"]
[WhiteTeam "Nove Zamky Basta"]
[BlackTeam "Bratislava Slovan II"]
[WhiteTeamCountry "SVK"]
[BlackTeamCountry "SVK"]

1. e4 c5 2. Nc3 e6 3. g3 d5 4. exd5 exd5 5. Bg2 Nf6 6. d3 d4 7. Qe2+ Be7 8. Ne4 Nxe4 9. dxe4 Nc6 10. Nh3 0-0 11. 0-0 Ne5 12. Nf4 Bg4 13. f3 Bd7 14. Nd5 a6 15. a4 c4 16. Nxe7+ Qxe7 17. f4 d3 18. Qe3 Ng4 19. Qb6 Bc6 20. h3 Nf6 21. e5 Ne4 22. Bxe4 Bxe4 23. Qd4 Bc6 24. Qxc4 Qd7 25. e6 fxe6 26. Qxd3 Qf7 27. Bd2 Rad8 28. Qe3 Qf5 29. Rf2 Qxh3 30. Rh2 Qg4 31. Rh4 Qf5 32. Bc3 Qd5 33. Rh2 Rf5 34. Qd2 Qc5+ 35. Qf2 Qd6 36. Qd2 Rd5 37. Qe2 Qc5+ 38. Kf1 R5d6 39. Qg4 Qc4+ 40. Qe2 Rd1+ 41. Rxd1 Rxd1+ 42. Be1 Qd5 43. Qe3 b5 44. axb5 Bxb5+ 45. Kg1 Qc4 46. Rf2 Bc6 47. Rd2 Rxd2 48. Qxd2 Bd5 49. Bf2 Qe4 50. Kf1 Qc4+ 51. Qe2 Qc6 52. b3 Bg2+ 53. Ke1 Bh3 54. Qd3 Bf5 55. Qc4 Qxc4 56. bxc4 Bxc2 57. Kd2 Be4 58. Ke3 Bg2 59. Kd4 a5 60. c5 Kf7 61. Be1 a4 62. Kc4 Bc6 63. Bc3 1/2-1/2

[Event "SVK-chT2B 0910"]
[Site "Slovakia"]
[Date "2010.02.06"]
[Round "8.5"]
[White "Kovac, Lubomir2222"]
[Black "Nemeth, Eugen"]
[Result "1/2-1/2"]
[WhiteElo "1976"]
[BlackElo "1943"]
[PlyCount "75"]
[EventDate "2009.10.10"]
[EventType "team"]
[EventRounds "11"]
[EventCountry "SVK"]
[SourceTitle "EXT 2011"]
[Source "ChessBase"]
[SourceDate "2010.11.26"]
[SourceVersion "1"]
[SourceVersionDate "2010.11.26"]
[SourceQuality "1"]
[WhiteTeam "Sala Slovan Duslo"]
[BlackTeam "Nove Zamky Basta II"]
[WhiteTeamCountry "SVK"]
[BlackTeamCountry "SVK"]

1. d4 Nf6 2. c4 g6 3. Nc3 d5 4. Bf4 Bg7 5. e3 c5 6. Nf3 0-0 7. Bd3 Nc6 8. dxc5 Qa5 9. 0-0 dxc4 10. Bxc4 Qxc5 11. Be2 Nh5 12. Na4 Qa5 13. Bg5 Be6 14. a3 Rfd8 15. Qc2 Rac8 16. Nc3 h6 17. Bh4 g5 18. Bg3 Nxg3 19. hxg3 Bxc3 20. bxc3 Ne5 21. Qe4 Nxf3+ 22. Bxf3 Rxc3 23. Qxb7 Rxa3 24. Rac1 Rd7 25. Rc8+ Rd8 26. Rxd8+ Qxd8 27. Rd1 Rd3 28. Rxd3 Qxd3 29. Qa8+ Kg7 30. Qxa7 Qd7 31. Qa1+ Kg8 32. Qb2 Bg4 33. Be4 Bf5 34. Bc2 Bxc2 35. Qxc2 Qg4 36. Qd3 e6 37. Qc2 Qb4 38. Qd1 1/2-1/2

[Event "SVK-chT2B 0809"]
[Site "Slovakia"]
[Date "2009.03.01"]
[Round "11.4"]
[White "Zahorsky, Robert"]
[Black "Nemeth, Eugen"]
[Result "1/2-1/2"]
[WhiteElo "1979"]
[BlackElo "1869"]
[PlyCount "22"]
[EventDate "2008.10.11"]
[EventType "team-tourn"]
[EventRounds "11"]
[EventCountry "SVK"]
[SourceTitle "EXT 2010"]
[Source "ChessBase"]
[SourceDate "2010.11.25"]
[SourceVersion "1"]
[SourceVersionDate "2010.11.25"]
[SourceQuality "1"]
[WhiteTeam "Tlmace SK"]
[BlackTeam "Nove Zamky Basta II"]
[WhiteTeamCountry "SVK"]
[BlackTeamCountry "SVK"]

1. d4 Nf6 2. c4 g6 3. f3 d5 4. cxd5 Nxd5 5. e4 Nb6 6. f4 Bg7 7. Be3 Nc6 8. Nf3 0-0 9. Nc3 Bg4 10. d5 Na5 11. Bd4 e5 1/2-1/2

[Event "SVK-chT2B 0809"]
[Site "Slovakia"]
[Date "2009.02.28"]
[Round "10.6"]
[White "Nemeth, Eugen"]
[Black "Valovic, Stefan"]
[Result "1/2-1/2"]
[WhiteElo "1869"]
[BlackElo "1924"]
[PlyCount "117"]
[EventDate "2008.10.11"]
[EventType "team-tourn"]
[EventRounds "11"]
[EventCountry "SVK"]
[SourceTitle "EXT 2010"]
[Source "ChessBase"]
[SourceDate "2010.11.25"]
[SourceVersion "1"]
[SourceVersionDate "2010.11.25"]
[SourceQuality "1"]
[WhiteTeam "Nove Zamky Basta II"]
[BlackTeam "Topolcianky SK"]
[WhiteTeamCountry "SVK"]
[BlackTeamCountry "SVK"]

1. e4 c6 2. d4 d5 3. exd5 cxd5 4. c4 Nf6 5. Nc3 e6 6. Nf3 Nc6 7. Bd3 Bb4 8. 0-0 0-0 9. a3 Bxc3 10. bxc3 dxc4 11. Bxc4 Qc7 12. Qe2 b6 13. Bd3 Bb7 14. h4 Ne7 15. Bg5 Ned5 16. Bxf6 Nxf6 17. Rac1 Qf4 18. Qe5 Qg4 19. Qg3 Bxf3 20. gxf3 Qh5 21. Rfe1 Rac8 22. Re5 Qh6 23. Qg5 Qxg5+ 24. hxg5 Nd5 25. c4 Nf4 26. Bf1 Rfd8 27. Re4 Ng6 28. Bh3 Rc7 29. f4 Ne7 30. Bf1 Nf5 31. Rd1 g6 32. d5 exd5 33. cxd5 Rc5 34. Bg2 Kg7 35. a4 Rcxd5 36. Rxd5 Rxd5 37. Kf1 Rd1+ 38. Ke2 Ra1 39. Rc4 Ra2+ 40. Ke1 a5 41. Bc6 h5 42. gxh6+ Kxh6 43. Bf3 Ra3 44. Bd1 Ra2 45. Rc7 Rb2 46. Rxf7 Rb4 47. Rb7 Nd6 48. Rb8 Kg7 49. Kd2 Ne4+ 50. Ke3 Nc3 51. Bc2 Nd5+ 52. Ke2 Nxf4+ 53. Kd2 Ne6 54. Rc8 g5 55. Rc6 Kf6 56. Bd3 Ke5 57. Bb5 Nc5 58. Rxb6 Nxa4 59. Rg6 1/2-1/2